| 000 | 00658cam a2200217 a 4500 | ||
|---|---|---|---|
| 001 | 000010773 | ||
| 005 | 20200929162305.0 | ||
| 008 | 840710s1968 ve 000 0 spa | ||
| 040 |
_aDO-SdBNP _bspa _cLC _dBNPHU |
||
| 082 |
_a303.483 _bG216e |
||
| 100 | 1 |
_aGarcía Bacca, Juan David, _d1901-1992. _923629 |
|
| 245 | 1 | 0 |
_aElogio de la técnica / _cJuan David García Bacca. |
| 260 |
_aCaracas : _bMonte Avila, _c1968. |
||
| 300 |
_a181 p. ; _c19 cm. |
||
| 490 | 1 | _aEstudios | |
| 650 | 4 |
_aCiencia y civilización _94893 |
|
| 650 | 4 |
_aTecnología y civilización _94626 |
|
| 830 | 4 |
_aEstudios _93854 |
|
| 910 | _aCatalogación por copia / LC | ||
| 049 | _aBNGR | ||
| 999 |
_c10525 _d10525 |
||